000
00505nam a2200181Ia 4500
008
090124s9999 xx 000 0 und d
082
_b
35995
100
_a
पाडगंावकर मंगेश
245
_a
गझल
250
_a
3
260
_b
मौज प्रकाशन
_c
1997
300
_a
85
600
_a
पाडगंावकर मंगेश
630
_a
गझल
700
_a
पाडगंावकर मंगेश
730
_a
गझल
942
_c
BOOK
999
_c
101992
_d
101992